Statistics for Birthplaces of Canadian Prime Ministers

Click here to take the quiz!

General Stats

  • This quiz has been taken 7 times
  • The average score is 4 of 15

Answer Stats

NameAnswer% Correct
Joseph TrudeauMontreal
100%
Stephen HarperToronto
100%
Justin TrudeauOttawa
83%
William Lyon Mackenzie KingKitchener
50%
Paul MartinWindsor
50%
Brian MulroneyBaie-Comeau
17%
Louis St. LaurentCompton
0%
Joe ClarkHigh River
0%
Richard Bedford BennettHopewell Hill
0%
John DiefenbakerNeustadt
0%
Lester B. PearsonNewtonbrook
0%
Kim CampbellPort Alberni
0%
John TurnerRichmond
0%
Jean ChrétienShawinigan
0%
Arthur MeighenSt. Marys
0%

Score Distribution

Percentile by Number Answered

Percent of People with Each Score

Your Score History

You have not taken this quiz